000 00890cam a2200229 i 4500
003 SA-RiAUC
005 20260217143121.0
008 260101s1937 su g 00000 ara c
040 _aSA-RiAUC
_bara
_cSA-RiAUC
_erda
082 0 4 _a236
090 _aم ن 236
_bا ب ن م
100 1 _aابن ملا علي، محمد عبد الباقي،
_d1286-1364 هجري
_eمؤلف.
245 1 0 _aنشر الغوالي من الأسانيد العوالي /
_cمحمد عبد الباقي بن ملا علي.
264 1 _aمكة المكرمة :
_bالمكتبة الماجدية،
_c1937
300 _a36 صفحة ؛
_c29 سم
336 _aنص
_btxt
_2rdacontent
_3كتاب
337 _aبدون وسيط
_bn
_2rdamedia
338 _aمجلد
_bnc
_2rdacarrier
650 7 _aالحديث
_xالمسانيد
_2aucsh
942 _2ddc
_cRBOOK COPY
_n0
949 _aSA-JeALM
_d260101
_umohamedma123
_n1
999 _c14095
_d14095